000 01159pam a2200325 a 4500
001 2016559
003 NUST - PNEC
005 20170116181137.0
008 911113s1992 paua 001 0ceng
010 _a 91043599
020 _a1560912103
040 _aDLC
_cLIBRARY
_dDLC
050 0 0 _aTL139
_b.A98 1992
082 0 0 _a629.2310922 BAR
_aB
_220
100 _914366
_aBarker, Ronald;
245 0 0 _aAutomobile design :
_btwelve great designers and their work /
_cedited by Ronald Barker and Anthony Harding.
250 _a2nd ed.
260 _aWarrendale, PA :
_bSociety of Automotive Engineers,
_cc1992.
300 _a411 p. :
_bill. ;
_c25 cm.
440 0 _aSAE historical series
500 _aRev. ed. of: Automobile design / Ronald Barker. 1970.
500 _aIncludes index.
650 0 _aAutomobile engineers
_xBiography.
650 0 _aAutomobiles
_xDesign and construction
_xHistory.
700 1 _aBarker, Ronald.
700 1 _aHarding, Anthony.
700 1 _aBarker, Ronald.
_tAutomobile design.
942 _2ddc
_cBK
999 _c70282
_d70282